| 000 | 00591nam a22001937a 4500 | ||
|---|---|---|---|
| 003 | BD-DhJNU | ||
| 005 | 20250917053239.0 | ||
| 008 | 250917b |||||||| |||| 00| 0 eng d | ||
| 020 | _a97898473392473 | ||
| 040 |
_aBD-DhJNU _bENG _cBD-DhJNU _dBD-DhJNU |
||
| 082 |
_223 _a346.1671015 |
||
| 100 | _aHaque, Muhammad Ekramul | ||
| 245 |
_aMuslim family law : _bSharia and modern world / _cMuhammad Ekramul Haque |
||
| 260 |
_aDhaka : _bDepartment of Law, _c2024. |
||
| 300 |
_axxx, 793 p. : _c22 cm. |
||
| 504 | _aincludes bibliographical reference | ||
| 650 | _aMuslim Law | ||
| 942 |
_2ddc _cBK _n0 |
||
| 999 |
_c2127 _d2127 |
||